| 000 | 00824nam a22002177a 4500 | ||
|---|---|---|---|
| 999 |
_c20257 _d20257 |
||
| 003 | AR-CdUCM | ||
| 008 | 190528b ||||| |||| 00| 0 spa d | ||
| 040 |
_aMUNICIPALIDAD PROVINCIAL DEL CUSCO _cBIBLIOTECA MUNICIPAL DEL CUSCO |
||
| 082 |
_a301.34 / _bS12 |
||
| 110 |
_aInstituto Indigenista interamericano _99802 |
||
| 245 | _aLa comunidad andina / | ||
| 260 |
_aMéxico, D. F : _bInstituto Indigenista Interamericano, _c1969. |
||
| 300 |
_a290 páginas ; _c22 cm. |
||
| 505 | _aContenido: Las comunidades en el Perú -- La comunidad indígena en la obra de Enrique Lopez -- Metodología y biculturalismo... | ||
| 650 |
_aComunidades indígenas _93290 |
||
| 650 |
_aAmérica Latina _91130 |
||
| 650 |
_aPerú _935 |
||
| 700 |
_a Sabogal Wiesse, José R.(edición) _942337 |
||
| 942 |
_2ddc _cLIBROS |
||
| 945 | _aJavier | ||